[Event "24th ch-EUR Indiv 2024"]
[Site "Petrovac MNE"]
[Date "2024.11.09"]
[Round "2.62"]
[White "Prokofiev, Valentyn"]
[Black "Keinanen, Toivo"]
[Result "1/2-1/2"]
[WhiteTitle "FM"]
[BlackTitle "IM"]
[WhiteElo "2411"]
[BlackElo "2541"]
[WhiteFideId "14160161"]
[BlackFideId "509825"]
[EventDate "2024.11.08"]

1. d4 d5 2. c4 e6 3. Nc3 Nf6 4. cxd5 exd5 5. Bg5 c6 6. e3 Be6 7. Bd3 Nbd7 8. Nf3
Be7 9. O-O O-O 10. h3 Nh5 11. Bxe7 Qxe7 12. Ne5 g6 13. g4 Ng7 14. f4 f6 15. Nxd7
Bxd7 16. Qf3 Ne8 17. Rae1 Nd6 18. e4 dxe4 19. Nxe4 Rae8 20. Nc3 Qd8 21. Bc2 Kg7
22. Qf2 Be6 23. f5 gxf5 24. gxf5 Bc4 25. Rxe8 Rxe8 26. Re1 Rxe1+ 27. Qxe1 Bf7
28. Qg3+ Kh8 29. Qf4 Nc4 30. Bb3 Qg8+ 31. Kh2 Nxb2 32. Bxf7 Qxf7 33. Qb8+ Kg7
34. Qg3+ Kh8 35. Qb8+ Kg7 36. Qg3+ Kh8 1/2-1/2

[Event "24th ch-EUR Indiv 2024"]
[Site "Petrovac MNE"]
[Date "2024.11.09"]
[Round "2.63"]
[White "Kovalev, Vladislav"]
[Black "Beydullayeva, Govhar"]
[Result "1/2-1/2"]
[WhiteTitle "GM"]
[BlackTitle "WGM"]
[WhiteElo "2539"]
[BlackElo "2403"]
[WhiteFideId "13504398"]
[BlackFideId "13413015"]
[EventDate "2024.11.08"]

1. Nf3 d5 2. g3 Nf6 3. Bg2 e6 4. O-O Be7 5. d3 O-O 6. a4 Nc6 7. d4 b6 8. c3 Bb7
9. b4 a6 10. Nbd2 h6 11. Qc2 Re8 12. Re1 Rb8 13. Bb2 Bd6 14. Rad1 Qc8 15. e4
dxe4 16. Nxe4 Nxe4 17. Rxe4 Ne7 18. Ree1 Rd8 19. b5 axb5 20. axb5 c6 21. bxc6
Bxc6 22. c4 Nf5 23. Qc3 Bf8 24. d5 exd5 25. Nd4 Nxd4 26. Rxd4 Bb7 27. Red1 Re8
28. cxd5 Qxc3 29. Bxc3 Bd6 30. Rg4 g6 31. Bb4 Rbd8 32. h4 h5 33. Rgd4 Bxb4 34.
Rxb4 Rd6 35. Rdb1 Red8 36. Rxb6 Rxb6 37. Rxb6 Bxd5 38. Bxd5 Rxd5 39. Kg2 Kg7 40.
Rb3 Rd7 41. Rf3 Ra7 1/2-1/2

[Event "24th ch-EUR Indiv 2024"]
[Site "Petrovac MNE"]
[Date "2024.11.09"]
[Round "2.64"]
[White "Subelj, Jan"]
[Black "Defromont, Benjamin"]
[Result "1-0"]
[WhiteTitle "GM"]
[BlackTitle "IM"]
[WhiteElo "2535"]
[BlackElo "2399"]
[WhiteFideId "14618583"]
[BlackFideId "36068829"]
[EventDate "2024.11.08"]

1. e4 d5 2. exd5 Qxd5 3. Nc3 Qd8 4. d4 Nf6 5. Nf3 g6 6. Bf4 Bg7 7. Qd2 Bg4 8.
Ne5 Be6 9. O-O-O c6 10. Bh6 Bxh6 11. Qxh6 Qa5 12. Bc4 Bxc4 13. Nxc4 Qc7 14. Rhe1
Na6 15. Ne5 Rf8 16. d5 cxd5 17. Nxd5 Nxd5 18. Rxd5 Nb4 19. Rd2 Rc8 20. Kb1 f6
21. Nd7 Rf7 22. Rxe7+ Kxe7 23. Qe3+ 1-0

[Event "24th ch-EUR Indiv 2024"]
[Site "Petrovac MNE"]
[Date "2024.11.09"]
[Round "2.65"]
[White "Agdelen, Huseyin Can"]
[Black "Quparadze, Giga"]
[Result "1-0"]
[WhiteTitle "IM"]
[BlackTitle "GM"]
[WhiteElo "2407"]
[BlackElo "2533"]
[WhiteFideId "6352260"]
[BlackFideId "13602250"]
[EventDate "2024.11.08"]

1. e4 c5 2. Nf3 e6 3. d4 cxd4 4. Nxd4 Nc6 5. Nc3 Qc7 6. Be3 a6 7. Qd2 Nf6 8.
O-O-O Bb4 9. f3 Ne5 10. Nb3 b5 11. Qe1 Be7 12. f4 Ng6 13. e5 Ng4 14. Bd3 Bb7 15.
Ne4 O-O 16. h3 Nxe3 17. Qxe3 f5 18. exf6 Bxf6 19. g3 Rac8 20. Rh2 Ne7 21. Nxf6+
Rxf6 22. Rhd2 Nd5 23. Qd4 Nb6 24. Be4 Bxe4 25. Qxe4 Rf5 26. Kb1 Rd5 27. Rxd5
Nxd5 28. a3 Qc6 29. Re1 b4 30. axb4 Qb5 31. f5 exf5 32. Qd4 Rc4 33. Qe5 Rc8 34.
Nd4 Qc4 35. b3 Nc3+ 36. Kb2 Qc7 37. Qxc7 Rxc7 38. Nxf5 Kf7 39. Nd6+ Kg6 40. Re5
Rc6 41. Ne4 Nd1+ 42. Kc1 Ne3 43. Nc5 Nf5 44. g4 Nd4 45. Re4 Nxc2 46. Kxc2 d6 47.
Re6+ Kf7 48. Kd3 Rxc5 49. Rxd6 Rc1 50. Rxa6 h5 51. b5 Ke7 52. b6 Kd6 53. Ra8 Rb1
54. Kc2 1-0

[Event "24th ch-EUR Indiv 2024"]
[Site "Petrovac MNE"]
[Date "2024.11.09"]
[Round "2.66"]
[White "Grigoriants, Sergey"]
[Black "Ermitsch, Magnus"]
[Result "1-0"]
[WhiteTitle "GM"]
[BlackTitle "FM"]
[WhiteElo "2531"]
[BlackElo "2399"]
[WhiteFideId "4130804"]
[BlackFideId "16234464"]
[EventDate "2024.11.08"]

1. e4 e5 2. Nf3 Nc6 3. Bb5 a6 4. Ba4 Nf6 5. O-O Nxe4 6. d4 Be7 7. Qe2 f5 8. dxe5
O-O 9. Nc3 Nxc3 10. bxc3 b5 11. Bb3+ Kh8 12. Rd1 Bb7 13. a4 d6 14. Bf4 Na5 15.
Nd4 Qc8 16. Be6 Qe8 17. exd6 cxd6 18. axb5 Qg6 19. f3 axb5 20. Qxb5 Nc6 21. Qxb7
Rxa1 22. Rxa1 Nxd4 23. Bc4 Qf6 24. Re1 Bd8 25. Bd3 Ba5 26. Qe7 Bxc3 27. Qxf6
gxf6 28. Re7 Rd8 29. Kf2 d5 30. Bh6 Bb4 31. Rb7 Bc5 32. Kg3 1-0

[Event "24th ch-EUR Indiv 2024"]
[Site "Petrovac MNE"]
[Date "2024.11.09"]
[Round "2.67"]
[White "Magold, Filip"]
[Black "Stefansson, Vignir Vatnar"]
[Result "1/2-1/2"]
[WhiteTitle "FM"]
[BlackTitle "GM"]
[WhiteElo "2405"]
[BlackElo "2530"]
[WhiteFideId "1254456"]
[BlackFideId "2308649"]
[EventDate "2024.11.08"]

1. e4 c6 2. d4 d5 3. Nc3 dxe4 4. Nxe4 Nf6 5. Nxf6+ exf6 6. Bc4 Bd6 7. Qe2+ Be7
8. Nf3 O-O 9. O-O Bd6 10. Re1 a5 11. h3 Na6 12. a3 Nc7 13. Bd3 Re8 14. Qf1 b5
15. a4 b4 16. Rxe8+ Qxe8 17. c4 bxc3 18. bxc3 Nd5 19. Bd2 Be6 20. c4 Nb4 21.
Bxb4 Bxb4 22. Ra2 Qd7 23. Qb1 g6 24. Qc2 Re8 25. Ra1 Qd6 26. Rd1 Bd7 27. Qc1 Kg7
28. Bc2 h5 29. Qa1 Qc7 30. Qc1 Bc8 31. Bd3 c5 32. d5 Bd7 33. Bc2 Qd6 34. Kf1 Qa6
35. Bb3 Re4 36. Rd3 Qd6 37. Kg1 g5 38. Re3 Qf4 39. Nh2 Bf5 40. Nf1 h4 41. Qd1 1/2-1/2

[Event "24th ch-EUR Indiv 2024"]
[Site "Petrovac MNE"]
[Date "2024.11.09"]
[Round "2.68"]
[White "Gorshtein, Ido"]
[Black "Kalezic, Blazo"]
[Result "1-0"]
[WhiteTitle "GM"]
[BlackTitle "IM"]
[WhiteElo "2528"]
[BlackElo "2394"]
[WhiteFideId "2815532"]
[BlackFideId "921815"]
[EventDate "2024.11.08"]

1. c4 e6 2. d4 Nf6 3. Nc3 d5 4. cxd5 exd5 5. Bg5 c6 6. e3 Be7 7. Bd3 O-O 8. Nge2
Nbd7 9. O-O Re8 10. Qc2 Nf8 11. a4 g6 12. Rab1 a5 13. Rbe1 Ne6 14. Bh4 Ng4 15.
Bg3 f5 16. h3 Nf6 17. f3 Nh5 18. Bf2 Bh4 19. g3 Bf6 20. Kg2 Ng5 21. Rh1 Bd7 22.
g4 Ng7 23. Ng3 Qc8 24. h4 Nf7 25. gxf5 gxf5 26. e4 dxe4 27. fxe4 Kh8 28. e5 Be7
29. Nce2 c5 30. Nf4 Bf8 31. Qb3 Bc6+ 32. Kf1 Bxh1 33. Qxf7 Re7 34. Qf6 Be4 35.
Bxe4 fxe4 36. d5 Kg8 37. e6 Ne8 38. Qe5 Qc7 39. Qxc7 Rxc7 40. Nxe4 b6 41. Nh5
Rd8 42. Bg3 1-0

[Event "24th ch-EUR Indiv 2024"]
[Site "Petrovac MNE"]
[Date "2024.11.09"]
[Round "2.69"]
[White "Bournel, Antoine"]
[Black "Kacharava, Nikolozi"]
[Result "0-1"]
[WhiteTitle "IM"]
[BlackTitle "GM"]
[WhiteElo "2403"]
[BlackElo "2525"]
[WhiteFideId "26093553"]
[BlackFideId "13611860"]
[EventDate "2024.11.08"]

1. d4 d5 2. c4 e6 3. Nf3 Nf6 4. Nc3 c6 5. e3 Nbd7 6. Qc2 Bd6 7. b3 O-O 8. Be2 b6
9. O-O Bb7 10. Bb2 Re8 11. Rfd1 Qe7 12. Rac1 Rad8 13. e4 dxe4 14. Nxe4 Nxe4 15.
Qxe4 f5 16. Qe3 c5 17. Ne5 cxd4 18. Bxd4 f4 19. Qxf4 Rf8 20. Qg3 Rf5 21. f4 Nxe5
22. fxe5 Ba3 23. Be3 Bxc1 24. Rxc1 h5 25. h4 Qf7 26. Re1 Kh7 27. Kh2 Qg6 28. Bg5
Rd4 29. Bd1 Kg8 30. Rg1 Qf7 31. Be2 Re4 32. Re1 Rfxe5 33. Rf1 Rxe2 34. Rxf7 Kxf7
35. Qd3 Bc6 36. Qd6 Bxg2 37. Kg3 Kg8 38. Qd7 Rf5 39. Bf4 Bf1 40. Qe8+ Kh7 41.
Qd7 Rg2+ 42. Kf3 Rg4 43. Ke3 Rgxf4 44. Qxa7 Rf3+ 45. Ke4 Bd3+ 46. Kd4 Bb1 0-1

[Event "24th ch-EUR Indiv 2024"]
[Site "Petrovac MNE"]
[Date "2024.11.09"]
[Round "2.70"]
[White "Neverov, Valeriy"]
[Black "Samunenkov, Ihor"]
[Result "1/2-1/2"]
[WhiteTitle "GM"]
[BlackTitle "GM"]
[WhiteElo "2401"]
[BlackElo "2523"]
[WhiteFideId "14100150"]
[BlackFideId "14187086"]
[EventDate "2024.11.08"]

1. d4 d5 2. c4 e6 3. Nf3 Nf6 4. Nc3 c6 5. Bg5 h6 6. Bxf6 Qxf6 7. g3 g6 8. Bg2
Bg7 9. O-O O-O 10. e3 Qe7 11. Rc1 Nd7 12. Qe2 a5 13. Rfd1 Re8 14. e4 dxc4 15.
Qxc4 e5 16. d5 Nb6 17. Qb3 Qb4 18. Qc2 cxd5 19. a3 Qe7 20. Qb3 Ra6 21. exd5 a4
22. Qb5 Bd7 23. Qe2 Nc8 24. Nd2 Nd6 25. Nde4 Ra5 26. Nxd6 Qxd6 27. Ne4 Qb6 28.
d6 Rd8 29. Nc3 Be6 30. Nd5 Bxd5 31. Bxd5 Rd7 32. Qe3 Rb5 33. Qf3 Qd8 34. Rc2 Rb6
35. Rdc1 Qf6 36. Rc8+ Kh7 37. Qxf6 Bxf6 38. R8c7 Rbxd6 39. Bxf7 e4 40. Be8 Rg7
41. Bxa4 Bxb2 42. Rxg7+ 1/2-1/2

[Event "24th ch-EUR Indiv 2024"]
[Site "Petrovac MNE"]
[Date "2024.11.09"]
[Round "2.71"]
[White "Alexakis, Dimitris"]
[Black "Ozenir, Ekin Baris"]
[Result "1-0"]
[WhiteTitle "IM"]
[BlackTitle "IM"]
[WhiteElo "2520"]
[BlackElo "2392"]
[WhiteFideId "4277023"]
[BlackFideId "6357415"]
[EventDate "2024.11.08"]

1. e4 c5 2. Nf3 e6 3. d4 cxd4 4. Nxd4 Nc6 5. Nc3 Qc7 6. g3 a6 7. Bg2 Nf6 8. O-O
Bc5 9. Nxc6 dxc6 10. Na4 Ba7 11. c4 Nd7 12. e5 Qxe5 13. Bf4 Qd4 14. Qc2 O-O 15.
Rad1 Qf6 16. Bd6 Re8 17. c5 Qg6 18. Be4 Qh5 19. f4 Nf6 20. Bf3 Qg6 21. Qb3 Nd5
22. Kh1 Rd8 23. Rfe1 f6 24. Nc3 Qf7 25. Nxd5 cxd5 26. f5 Kh8 27. Rd2 Bb8 28. Qb6
Re8 29. Bxb8 Rxb8 30. Qd6 Bd7 31. fxe6 Bxe6 32. Rde2 Bh3 33. g4 h5 34. gxh5 Rbc8
35. Kg1 Re5 36. Kf2 d4 37. h6 Rcxc5 38. Rxe5 Rxe5 39. Rxe5 fxe5 40. Qxe5 Kh7 41.
Qxg7+ Qxg7 42. hxg7 b6 43. Be2 a5 44. Bd3+ Kxg7 45. Kf3 Be6 46. a3 Bd5+ 47. Kf4
Kf6 48. h4 Bc6 49. h5 b5 50. b4 axb4 51. axb4 Kg7 52. Kg5 Bd7 53. h6+ Kf7 54.
Kf4 Kf6 55. h7 Kg7 56. Ke4 1-0

[Event "24th ch-EUR Indiv 2024"]
[Site "Petrovac MNE"]
[Date "2024.11.09"]
[Round "2.72"]
[White "Domalchuk-Jonasson, Aleksandr"]
[Black "Brunello, Sabino"]
[Result "1/2-1/2"]
[WhiteTitle "IM"]
[BlackTitle "GM"]
[WhiteElo "2399"]
[BlackElo "2518"]
[WhiteFideId "14142805"]
[BlackFideId "813613"]
[EventDate "2024.11.08"]

1. d4 Nf6 2. c4 g6 3. Nc3 d5 4. cxd5 Nxd5 5. e4 Nxc3 6. bxc3 Bg7 7. Nf3 c5 8.
Bb5+ Nc6 9. O-O cxd4 10. cxd4 O-O 11. Bxc6 bxc6 12. Qc2 Bg4 13. Ne5 Qxd4 14. Bb2
Qb6 15. Rab1 Bxe5 16. Bxe5 Qa5 17. Bc3 Qc5 18. Qb2 Qb6 19. Qd2 Qc7 20. Qh6 f6
21. e5 Be6 22. exf6 exf6 23. Rfe1 Bxa2 24. Rb2 Qf7 25. Rbe2 Rae8 26. Rxe8 Rxe8
27. Rxe8+ Qxe8 28. Qf4 Qd8 29. h4 Kf7 30. Qa4 Bd5 31. Qxa7+ Qe7 32. Qd4 h5 33.
Bb4 Qe4 34. Qxe4 Bxe4 35. f3 1/2-1/2

[Event "24th ch-EUR Indiv 2024"]
[Site "Petrovac MNE"]
[Date "2024.11.09"]
[Round "2.73"]
[White "Lashkin, Jegor"]
[Black "Niedbala, Bartlomiej"]
[Result "1/2-1/2"]
[WhiteTitle "IM"]
[BlackTitle "IM"]
[WhiteElo "2518"]
[BlackElo "2389"]
[WhiteFideId "13907808"]
[BlackFideId "21834008"]
[EventDate "2024.11.08"]

1. d4 d5 2. c4 dxc4 3. Nf3 c5 4. e3 cxd4 5. Bxc4 Qc7 6. Qb3 e6 7. exd4 Nf6 8.
O-O Nc6 9. Nc3 Bd7 10. Qd1 Be7 11. Re1 O-O 12. Bg5 Rad8 13. Qe2 Rfe8 14. Rad1 a6
15. Bb3 b5 16. Ne4 Na5 17. Bc2 Bc6 18. Rc1 Bxe4 19. Bxe4 Qb6 20. Bb1 g6 21. Ne5
Nd5 22. Bh6 Bf8 23. Bd2 Nc4 24. Bg5 Rc8 25. Rcd1 Bb4 26. Rf1 Nxe5 27. dxe5 Bc5
28. Qe4 Be7 29. Bd2 Rc4 30. Qf3 Qd4 31. b3 Rcc8 32. Rfe1 Qc5 33. g3 Red8 34. Ba5
Re8 35. Bd2 Qa3 36. Re4 Red8 37. Kg2 Qc5 38. Ba5 Re8 39. Bd2 Red8 40. Ba5 Re8
41. Bd2 Red8 1/2-1/2

[Event "24th ch-EUR Indiv 2024"]
[Site "Petrovac MNE"]
[Date "2024.11.09"]
[Round "2.74"]
[White "Barria Santos, Jose Guilherme"]
[Black "Peng, Li Min"]
[Result "1/2-1/2"]
[WhiteTitle "FM"]
[BlackTitle "GM"]
[WhiteElo "2398"]
[BlackElo "2516"]
[WhiteFideId "1939300"]
[BlackFideId "14112620"]
[EventDate "2024.11.08"]

1. d4 Nf6 2. c4 e6 3. Nf3 d5 4. Nc3 dxc4 5. e4 b5 6. e5 Nd5 7. Nxb5 Nb6 8. Be2
Nc6 9. O-O Be7 10. Be3 Rb8 11. Qc1 Qd7 12. Nc3 Bb7 13. Rd1 Nb4 14. Nd2 O-O 15.
Nde4 Ba8 16. Nc5 Qe8 17. N3e4 N4d5 18. Bg5 f6 19. exf6 Nxf6 20. Bxf6 gxf6 21.
Ng3 Bxc5 22. dxc5 Qc6 23. Bf3 Qxc5 24. Bxa8 Rxa8 25. Qf4 Qe7 26. Re1 Kh8 1/2-1/2

[Event "24th ch-EUR Indiv 2024"]
[Site "Petrovac MNE"]
[Date "2024.11.09"]
[Round "2.75"]
[White "Sokolovsky, Yahli"]
[Black "Decuigniere, Tom"]
[Result "1-0"]
[WhiteTitle "GM"]
[BlackTitle "IM"]
[WhiteElo "2516"]
[BlackElo "2385"]
[WhiteFideId "2820242"]
[BlackFideId "26093820"]
[EventDate "2024.11.08"]

1. e4 c5 2. Nf3 d6 3. d4 cxd4 4. Nxd4 Nf6 5. Nc3 a6 6. Bd3 e5 7. Nde2 Be7 8. O-O
Be6 9. f4 exf4 10. Nxf4 Nc6 11. Be3 Ne5 12. Kh1 O-O 13. a4 Rc8 14. a5 Nxd3 15.
cxd3 d5 16. Qb3 Qd7 17. exd5 Bf5 18. Bd4 Ne8 19. Ne4 Nd6 20. Rae1 Rfe8 21. Nh5
Nxe4 22. dxe4 Bh4 23. Nxg7 Rxe4 24. Nxf5 Rxe1 25. Rxe1 Bxe1 26. Qh3 1-0

[Event "24th ch-EUR Indiv 2024"]
[Site "Petrovac MNE"]
[Date "2024.11.09"]
[Round "2.76"]
[White "Mikac, Matjaz"]
[Black "Kosakowski, Jakub"]
[Result "1/2-1/2"]
[WhiteTitle "IM"]
[BlackTitle "IM"]
[WhiteElo "2392"]
[BlackElo "2516"]
[WhiteFideId "14600048"]
[BlackFideId "1185080"]
[EventDate "2024.11.08"]

1. e4 c5 2. c3 Nf6 3. e5 Nd5 4. Nf3 d6 5. d4 cxd4 6. cxd4 Nc6 7. Bc4 dxe5 8.
dxe5 Ndb4 9. O-O Qxd1 10. Rxd1 Bg4 11. e6 fxe6 12. Nc3 g6 13. h3 Bxf3 14. gxf3
Bg7 15. Nb5 O-O 16. Nc7 Rad8 17. Be3 Nc2 1/2-1/2

[Event "24th ch-EUR Indiv 2024"]
[Site "Petrovac MNE"]
[Date "2024.11.09"]
[Round "2.77"]
[White "Vetoshko, Volodymyr"]
[Black "Sliwicka, Alicja"]
[Result "1/2-1/2"]
[WhiteTitle "GM"]
[BlackTitle "WGM"]
[WhiteElo "2513"]
[BlackElo "2380"]
[WhiteFideId "14122480"]
[BlackFideId "1150677"]
[EventDate "2024.11.08"]

1. d4 d5 2. c4 e6 3. Nc3 Nf6 4. cxd5 exd5 5. Bg5 c6 6. e3 h6 7. Bh4 Be7 8. Bd3
O-O 9. Nge2 Re8 10. O-O Nbd7 11. a4 Bd6 12. h3 a5 13. Qc2 Nf8 14. Rad1 Bd7 15.
Qc1 Ng6 16. Bxg6 fxg6 17. Bg3 Bf5 18. Bxd6 Qxd6 19. Ng3 Re7 20. Nce2 Rae8 21.
Qd2 Qc7 22. Rc1 h5 23. Nf4 Kh7 24. h4 Qd8 25. Rfe1 Rf7 26. f3 Ng8 27. Kf2 Nh6
28. Rh1 Rfe7 29. Rce1 Qc7 30. Nf1 Qb6 31. Qc3 Qd8 32. Nd2 Qc7 33. g3 b6 34. Re2
Qd6 35. Rc1 Rc8 36. Ree1 Ng8 37. e4 dxe4 38. fxe4 Bg4 39. e5 Qd7 40. Ne4 Rf8 41.
Ng5+ Kh8 42. Kg2 Rxf4 43. gxf4 c5 44. dxc5 bxc5 45. Qxc5 Qxa4 46. Qc4 Qd7 47.
Rc2 Bf5 48. Rf2 Bd3 49. Qc3 Qg4+ 50. Kh2 Qxh4+ 51. Nh3 Rd7 52. e6 Rd5 53. Rd1
Be4 54. Rxd5 Bxd5 55. Qg3 Qf6 56. Ng5 Nh6 57. Re2 Bc6 58. e7 Be8 59. Qf3 Qa6 60.
Qe4 Ng4+ 61. Kg3 Nf6 62. Qe3 Qb7 63. Qf3 Qd7 64. Ne4 Ng8 65. Nc5 Qd6 66. Qe3 Nh6
67. Qe5 Qd1 68. Re1 Qg4+ 69. Kf2 Nf5 70. Ne6 1/2-1/2

[Event "24th ch-EUR Indiv 2024"]
[Site "Petrovac MNE"]
[Date "2024.11.09"]
[Round "2.78"]
[White "Krallis, Christos"]
[Black "Rasulov, Vugar"]
[Result "0-1"]
[WhiteTitle "FM"]
[BlackTitle "GM"]
[WhiteElo "2390"]
[BlackElo "2511"]
[WhiteFideId "4298896"]
[BlackFideId "13402390"]
[EventDate "2024.11.08"]

1. d4 Nf6 2. c4 g6 3. g3 Bg7 4. Bg2 c5 5. Nf3 O-O 6. O-O d6 7. Nc3 Nc6 8. dxc5
dxc5 9. Bf4 Qa5 10. Qc1 Be6 11. Ne5 Nxe5 12. Bxe5 Bxc4 13. Bxb7 Rad8 14. Bf3 Be6
15. Rd1 Rxd1+ 16. Nxd1 Qe1+ 17. Kg2 Bh3+ 18. Kxh3 Qf1+ 19. Bg2 Qxe2 20. Bxf6
Bxf6 21. Qxc5 Rb8 22. Qd5 Rb4 23. Bf3 Qf1+ 24. Bg2 Qe1 25. Rc1 Rd4 26. Qb3 g5
27. Rc8+ Kg7 28. Ne3 Qxe3 29. f4 Rxf4 0-1

[Event "24th ch-EUR Indiv 2024"]
[Site "Petrovac MNE"]
[Date "2024.11.09"]
[Round "2.79"]
[White "Dudin, Gleb"]
[Black "Gal, Andrej"]
[Result "1/2-1/2"]
[WhiteTitle "GM"]
[BlackTitle "FM"]
[WhiteElo "2510"]
[BlackElo "2255"]
[WhiteFideId "34184934"]
[BlackFideId "14567563"]
[EventDate "2024.11.08"]

1. d4 Nf6 2. c4 e6 3. Nc3 Bb4 4. e3 O-O 5. Bd3 Re8 6. Nf3 Bxc3+ 7. bxc3 d6 8.
O-O e5 9. e4 Nc6 10. Re1 Bg4 11. Bc2 Bxf3 12. gxf3 Nh5 13. Kh1 Qf6 14. Rg1 h6
15. Be3 Ne7 16. Rb1 b6 17. Ba4 Red8 18. Qe2 c5 19. dxe5 dxe5 20. Rbd1 Ng6 21.
Bd7 Nh4 22. Bg4 Nf4 23. Bxf4 Qxf4 24. Qe3 Qf6 25. Bh5 Kh7 26. Rd5 g6 27. Bg4 h5
28. Bd7 Nxf3 29. Rg3 Nh4 30. Rg5 Qf3+ 31. Qxf3 Nxf3 32. Rg3 Nh4 33. f4 exf4 34.
Rh3 g5 35. Rxg5 Ng6 36. Rgxh5+ Kg7 37. Rd5 Rh8 38. Kg2 Kf6 39. Rxh8 Rxh8 40. h3
Ne5 41. Bg4 Rg8 42. a4 Nxg4 43. hxg4 Rxg4+ 44. Kf3 Rg3+ 45. Kxf4 Rxc3 46. Rd7
Rxc4 47. Rxa7 Rc1 48. a5 Rf1+ 49. Ke3 bxa5 50. Rxa5 Rc1 51. Kd2 Rc4 52. Kd3 1/2-1/2

[Event "24th ch-EUR Indiv 2024"]
[Site "Petrovac MNE"]
[Date "2024.11.09"]
[Round "2.80"]
[White "Iskandarov, Misratdin"]
[Black "Hryzlova, Sofiia"]
[Result "1-0"]
[WhiteTitle "GM"]
[BlackTitle "WIM"]
[WhiteElo "2506"]
[BlackElo "2177"]
[WhiteFideId "13400312"]
[BlackFideId "14174669"]
[EventDate "2024.11.08"]

1. e4 e6 2. d4 d5 3. Nc3 Nf6 4. Bg5 dxe4 5. Nxe4 Nbd7 6. Nf3 h6 7. Nxf6+ Nxf6 8.
Bh4 c5 9. dxc5 Qxd1+ 10. Rxd1 Bxc5 11. Ne5 a6 12. Be2 O-O 13. Bf3 Ra7 14. O-O b5
15. b4 Bb6 16. a4 Bd8 17. axb5 axb5 18. Bg3 Bb7 19. Nc6 Ra8 20. Bd6 Re8 21. Ra1
Rxa1 22. Rxa1 Nd5 23. Nxd8 Rxd8 24. Bc5 f6 25. h4 Ra8 26. Ra5 Rxa5 27. bxa5 g5
28. h5 f5 29. g4 fxg4 30. Bxg4 Kf7 31. Kf1 Ba6 32. Be2 Nf4 33. Bf3 Nd5 34. Bd4
Nf6 35. Be2 Nd5 36. Ke1 Nb4 37. Kd2 Nc6 38. Bb6 Kf6 39. Bd3 Ke5 40. Bc5 Nxa5 41.
Bf8 Kf6 42. Bxh6 Nc4+ 43. Ke1 Ne5 44. Be4 Ng4 45. Bf8 Kf7 46. Bc5 e5 47. Bd5+
Kg7 48. Bd6 Kh6 49. Bf7 Nf6 50. Bf8+ Kh7 51. Bg6+ Kg8 52. Bd6 e4 53. h6 Bb7 54.
Be5 Nh7 55. Kd2 Bc6 56. Ke3 Nf8 57. Bf5 Bd5 58. Bg7 Ne6 59. Bf6 1-0

[Event "24th ch-EUR Indiv 2024"]
[Site "Petrovac MNE"]
[Date "2024.11.09"]
[Round "2.81"]
[White "Abdulov, Orkhan"]
[Black "Seo, Jung Min"]
[Result "1/2-1/2"]
[WhiteTitle "IM"]
[BlackTitle "IM"]
[WhiteElo "2385"]
[BlackElo "2505"]
[WhiteFideId "13402714"]
[BlackFideId "1734687"]
[EventDate "2024.11.08"]

1. e4 c5 2. Nf3 d6 3. d4 cxd4 4. Nxd4 Nf6 5. Nc3 a6 6. Be3 e5 7. Nb3 Be7 8. f3
Be6 9. Qd2 h5 10. Be2 Nbd7 11. Nd5 Nxd5 12. exd5 Bf5 13. O-O a5 14. a4 O-O 15.
c4 Bg6 16. Rfd1 b6 17. f4 exf4 18. Bxf4 Nc5 19. Nd4 Bf6 20. Ra3 Re8 21. Bf3 Ne4
22. Qc1 Bxd4+ 23. Rxd4 Qf6 24. Rd1 Rac8 25. Be3 Nc5 26. Bd4 Qh4 27. Bf2 Qd8 28.
Bd4 Qd7 29. Qg5 Ne4 30. Qc1 Nc5 31. Qg5 Ne4 1/2-1/2

[Event "24th ch-EUR Indiv 2024"]
[Site "Petrovac MNE"]
[Date "2024.11.09"]
[Round "2.82"]
[White "Ohanyan, Emin"]
[Black "Sitbon, Itay"]
[Result "1/2-1/2"]
[WhiteTitle "GM"]
[WhiteElo "2504"]
[BlackElo "2170"]
[WhiteFideId "13312022"]
[BlackFideId "2820706"]
[EventDate "2024.11.08"]

1. Nf3 Nf6 2. c4 e6 3. Nc3 d5 4. d4 Nbd7 5. Qc2 dxc4 6. e4 Nb6 7. a4 a5 8. Be3
Bb4 9. Ne5 c5 10. dxc5 Qc7 11. Nxf7 Kxf7 12. cxb6 Qe5 13. f3 Nd5 14. Bd2 Nxb6
15. Nb5 Bd7 16. Be2 Nxa4 17. Nc3 Nb6 18. O-O Rhd8 19. Kh1 Kg8 20. f4 Qc7 21. f5
Rf8 22. Rad1 exf5 23. Bf4 Qc8 24. Be5 Be6 25. Qc1 Nd7 26. Bd4 f4 27. Rxf4 Bd6
28. Rxf8+ Qxf8 29. Nb5 Bf4 30. Be3 Bxe3 31. Qxe3 Qc5 32. Nd4 Bf7 33. Qc1 Nf6 34.
e5 Qxe5 35. Bxc4 Bxc4 36. Qxc4+ Kh8 37. Nf3 Qe7 38. h3 h6 39. Re1 Qb4 40. Qxb4
axb4 41. Re7 Ra2 42. b3 Rb2 43. Nd4 Rd2 44. Nf5 Rd7 45. Re6 Kh7 46. Rb6 Nd5 47.
Rb5 b6 48. Kh2 h5 49. Nd4 Nf4 50. Nf3 Nd5 51. Ne5 Rd6 52. Nc4 Rd8 53. Kg3 g6 54.
Kh4 Kg7 55. Nxb6 Nxb6 56. Rxb6 Rd2 57. g4 hxg4 58. hxg4 Rd4 59. Kg5 Rd5+ 1/2-1/2

[Event "24th ch-EUR Indiv 2024"]
[Site "Petrovac MNE"]
[Date "2024.11.09"]
[Round "2.83"]
[White "Baltag, Iulian"]
[Black "Maksimovic, Bojan"]
[Result "1/2-1/2"]
[WhiteTitle "IM"]
[BlackTitle "IM"]
[WhiteElo "2383"]
[BlackElo "2504"]
[WhiteFideId "13901419"]
[BlackFideId "14408120"]
[EventDate "2024.11.08"]

1. e4 e6 2. d4 d5 3. Nc3 Bb4 4. Ne2 dxe4 5. a3 Be7 6. Nxe4 Nf6 7. N2g3 Nbd7 8.
Be2 O-O 9. O-O b6 10. Bf3 Rb8 11. c3 Bb7 12. Re1 Bd5 13. Bf4 b5 14. Nxf6+ Nxf6
15. Ne4 Nxe4 16. Bxe4 Bxe4 17. Rxe4 Bd6 18. Qf3 Qf6 19. Qg3 Rfd8 20. Rae1 Qg6
21. Qf3 a5 22. Be5 Bxe5 23. Rxe5 Qc2 24. Qe2 Qxe2 25. R1xe2 b4 26. axb4 axb4 27.
g3 bxc3 28. bxc3 Kf8 29. Rc5 Rb7 30. Kg2 Ke7 31. h4 Ra8 32. Rh5 h6 33. d5 Ra6
34. Rhe5 Rb3 35. R2e3 Kf6 36. dxe6 Rxe6 37. Rxe6+ fxe6 38. Kf3 Rb2 39. Re4 Rb5
40. Rc4 Rf5+ 1/2-1/2

[Event "24th ch-EUR Indiv 2024"]
[Site "Petrovac MNE"]
[Date "2024.11.09"]
[Round "2.84"]
[White "Sivuk, Vitaly"]
[Black "Kochavi, Dana"]
[Result "1/2-1/2"]
[WhiteTitle "GM"]
[BlackTitle "WFM"]
[WhiteElo "2502"]
[BlackElo "2166"]
[WhiteFideId "14116502"]
[BlackFideId "2837137"]
[EventDate "2024.11.08"]

1. c4 Nf6 2. Nc3 g6 3. g3 Bg7 4. Bg2 d6 5. e3 O-O 6. Nge2 e5 7. O-O c6 8. d4 a5
9. b3 Na6 10. Ba3 Nb4 11. Qd2 Bf5 12. e4 Bd7 13. Rad1 Re8 14. h3 b5 15. cxb5
cxb5 16. Bb2 Qb6 17. Kh2 Rac8 18. f4 Nc6 19. dxe5 dxe5 20. f5 Nd4 21. fxg6 hxg6
22. Nxd4 exd4 23. Ne2 Nxe4 24. Qf4 f5 25. Bxd4 Qc7 26. Bxg7 Kxg7 27. g4 Nf6 28.
Ng3 Qxf4 29. Rxf4 Rc2 30. g5 Bc6 31. gxf6+ Kf7 32. Rg1 Re1 33. Rff1 Rxf1 34.
Nxf1 f4 35. a4 bxa4 36. bxa4 Re2 37. Ng3 fxg3+ 38. Kxg3 Bxg2 39. Rxg2 Rxg2+ 1/2-1/2